000 00290nam a22001337a 4500
008 180914b xxu||||| |||| 00| 0 eng d
020 _a023104142
041 _aeng
080 _a101
100 _a24
101 _aFIL
245 _aThe Making of the Mind
_cRandall, J.H
942 _2udc
_cBK
999 _c47757
_d47757